000 00525nam a22002057a 4500
003 OSt
005 20140310181719.0
008 130301t xxu||||| |||| 00| 0 eng d
020 _a9710868845
050 _aLB 2806.15
_b.Aq56 2009
100 _aAquino, Gaudencio V.
245 _aCurriculum innovation /
_cGaudencio V. Aquino
260 _aMandaluyong City ;
_bNational Book Store,
_c2009.
300 _a161 p. :
_c22 cm.
521 _aEDU
562 _e2
942 _2lcc
_cBK
_kLOC
999 _c1915
_d1915